Every LEGO Marvel Super Heroes Minifigure Released in 2024 - Statistics

General Stats
  • This quiz has been taken 26 times
  • The average score is 29 of 38
Answer Stats
Set Name # Answer % Correct
The Avengers vs. The Leviathan 76290 Black Widow
100%
[...] vs. [...] Battle 76292 Captain America (Sam Wilson)
100%
Captain America (Steve Rogers)
100%
[...] with Bike and The [...] 76287 Hulk
100%
Iron Man
100%
[...] vs. Surtur Construction Figure 76289 Thor
100%
The Avengers Assemble: Age of Ultron 76291 Hawkeye
95%
Falcon
90%
Mech 76276 Spider-Man (Miles Morales)
90%
Spider-Man (Peter Parker)
90%
Red Hulk (Thaddeus Ross)
86%
Wolverine
86%
X-Men X-Jet 76281 Cyclops
81%
Jean Grey
81%
Storm
81%
[...]'s Race Car 76279 Ghost Spider
76%
Magneto
76%
Professor X
76%
Rogue
76%
The Milano Spaceship 76286 Drax the Destroyer
71%
Gamora
71%
Green Goblin
71%
Iceman
71%
[...]'s Warbird vs. [...] 76278 Rocket Raccoon
71%
Star-Lord
71%
Venom
71%
[...] & [...] 76282 Baby Groot
67%
Drill Spinner Vehicle 10792 Electro (Francine Frye)
67%
Electro (Maxwell Dillon)
67%
[...] vs. [...]: Final Battle 76280 Lizard
67%
X-Men: The X-Mansion 76294 Bishop
62%
Gambit
62%
Loki
62%
Motorcycle Chase 76275 Doctor Octopus
52%
Mech 76277 War Machine
48%
Ronan the Accuser
43%
Ruth Bat-Seraph
43%
Team Spidey Web Spinner Headquarters 10794 Arnim Zola
33%
No matching quizzes found
Score Distribution
Percent of People with Each Score
Percentile by Number Answered
Your Score History
You have not taken this quiz